MARC details
| 000 -CABECERA |
| campo de control de longitud fija |
01559cam a22002657a 4500 |
| 005 - FECHA Y HORA DE LA ÚLTIMA TRANSACCIÓN |
| campo de control |
20231006120941.0 |
| 008 - ELEMENTOS DE LONGITUD FIJA--INFORMACIÓN GENERAL |
| campo de control de longitud fija |
230817s2022 mx| |||grl||| 000 0 spa d |
| 040 ## - FUENTE DE LA CATALOGACIÓN |
| Centro catalogador/agencia de origen |
MX-MxUPN |
| Lengua de catalogación |
spa |
| 041 1# - CÓDIGO DE IDIOMA |
| Código de lengua del texto/banda sonora o título independiente |
Nahuatl |
| -- |
Español |
| 050 #4 - SIGNATURA TOPOGRÁFICA DE LA BIBLIOTECA DEL CONGRESO |
| Número de clasificación |
KGF5532 |
| Número de documento/Ítem |
A286 2022 |
| 245 ## - MENCIÓN DE TÍTULO |
| Título |
Tajkuilolis kejkejpalis ika in tatilinkatanauatilmej ika in ixpololis uan xokolilis = |
| Resto del título |
traducción de las leyes generales contra la desaparición y la tortura : náhuatl Puebla |
| 250 ## - MENCIÓN DE EDICIÓN |
| Mención de edición |
Primera edición |
| 260 ## - PUBLICACIÓN, DISTRIBUCIÓN, ETC. |
| Lugar de publicación, distribución, etc. |
México : |
| Nombre del editor, distribuidor, etc. |
USAID : |
| -- |
Centro Profesional Indígena de Asesoría, Defensa y Traducción : |
| -- |
Instituto de Derechos Humanos Ignacio Ellacuría : |
| -- |
Clínica Jurídica Minerva Calderón, |
| -- |
Comisión de Derechos Humanos del Estado de Puebla, |
| Fecha de publicación, distribución, etc. |
2022. |
| 300 ## - DESCRIPCIÓN FÍSICA |
| Extensión |
223 paginas |
| 650 #4 - ASIENTO SECUNDARIO DE MATERIA - TERMINO TEMATICO |
| 9 (RLIN) |
50158 |
| Término de materia o nombre geográfico como elemento de entrada |
Tortura |
| Subdivisión general |
Leyes y legislación |
| Subdivisión geográfica |
México |
| 650 #4 - ASIENTO SECUNDARIO DE MATERIA - TERMINO TEMATICO |
| 9 (RLIN) |
50159 |
| Término de materia o nombre geográfico como elemento de entrada |
Desapariciones forzadas |
| Subdivisión general |
Leyes y legislación |
| Subdivisión geográfica |
México |
| 700 1# - ASIENTO SECUNDARIO--NOMBRE DE PERSONAL |
| 9 (RLIN) |
50155 |
| Nombre de persona |
Arroyo Pelico, Florencia Emilia |
| Término indicativo de función/relación |
traducción |
| 700 1# - ASIENTO SECUNDARIO--NOMBRE DE PERSONAL |
| 9 (RLIN) |
50156 |
| Nombre de persona |
Cortés Trinidad, Freddy |
| Término indicativo de función/relación |
traducción |
| 700 1# - ASIENTO SECUNDARIO--NOMBRE DE PERSONAL |
| 9 (RLIN) |
50157 |
| Nombre de persona |
Huero Bonilla, María de la Luz |
| Término indicativo de función/relación |
traducción |
| 710 1# - ASIENTO SECUNDARIO - NOMBRE CORPORATIVO |
| 9 (RLIN) |
50160 |
| Nombre de entidad corporativa o nombre de jurisdicción como elemento de entrada |
México. |
| Título de la obra |
[Ley general en materia de desaparición forzada de personas, desaparición cometida por particulares y del sistema nacional de búsqueda de personas] |
| 710 1# - ASIENTO SECUNDARIO - NOMBRE CORPORATIVO |
| 9 (RLIN) |
50161 |
| Nombre de entidad corporativa o nombre de jurisdicción como elemento de entrada |
México. |
| Título de la obra |
[Ley general para prevenir, investigar y sancionar la tortura y otros tratos o penas crueles, inhumanos o degradantes] |
| 902 ## - ELEMENTOS DE DATOS B LOCAL, LDB (RLIN) |
| Creó |
Daniela Badillo 17/08/23 |
| Modificó |
VíctorGodínez/051023 |
| 942 ## - ELEMENTOS DE PUNTO DE ACCESO ADICIONAL (KOHA) |
| Fuente del sistema de clasificación o colocación |
Library of Congress Classification |
| Tipo de ítem Koha |
Libro |